Billy Joel Lyrics Quiz (Part 12) - Statistics

General Stats
  • This quiz has been taken 54 times
  • The average score is 199 of 264
Answer Stats
Answer % Correct
I
100%
a
97%
the
97%
The
97%
do
93%
me
87%
time
87%
to
87%
Who
87%
you
87%
And
83%
be
83%
For
83%
for
83%
go
83%
I'm
83%
Is
83%
is
83%
my
83%
on
83%
so
83%
What
83%
what
83%
by
80%
in
80%
it
80%
There
80%
there
80%
this
80%
When
80%
when
80%
where
80%
are
77%
have
77%
If
77%
know
77%
long
77%
longest
77%
of
77%
That
77%
that
77%
your
77%
all
73%
at
73%
could
73%
else
73%
I'll
73%
inspired
73%
Oh,
73%
oh,
73%
oh
73%
too
73%
been
70%
But
70%
don't
70%
how
70%
it's
70%
left
70%
still
70%
woman
70%
would
70%
write
70%
you're
70%
You're
70%
happened
67%
hasn't
67%
I've
67%
more
67%
music
67%
Now
67%
things
67%
tonight
67%
want
67%
bad
63%
fool
63%
gone
63%
goodbye
63%
haven't
63%
heart
63%
Hold
63%
hold
63%
much
63%
said
63%
start
63%
That's
63%
think
63%
was
63%
won't
63%
around
60%
far
60%
hoped
60%
last
60%
lesser
60%
need
60%
Once
60%
sorry
60%
take
60%
we'll
60%
wonderful
60%
arms
57%
care
57%
consequence
57%
feel
57%
found
57%
further
57%
goes
57%
greatest
57%
had
57%
hall
57%
happiness
57%
hearing
57%
knows
57%
miracle
57%
myself
57%
needed
57%
ought
57%
put
57%
right
57%
romance
57%
thought
57%
very
57%
voice
57%
wrong
57%
brings
53%
chances
53%
forgot
53%
hard
53%
innocence
53%
Maybe
53%
nice
53%
hoping
50%
intend
50%
second
43%
thoughts
43%
No matching quizzes found
Score Distribution
Percent of People with Each Score
Percentile by Number Answered
Your Score History
You have not taken this quiz